|
|
|
|
| LEADER |
01679cas a2200253 a 4500 |
| 001 |
AALejournalIMF003259 |
| 008 |
230101c9999 xx r poo 0 0eng d |
| 020 |
|
|
|c 5.00 USD
|
| 020 |
|
|
|z 9781451875775
|
| 022 |
|
|
|a 1018-5941
|
| 040 |
|
|
|a BD-DhAAL
|c BD-DhAAL
|
| 100 |
1 |
|
|a Nkusu, Mwanza.
|
| 245 |
1 |
0 |
|a Local Financial Development and the Aid-Growth Relationship /
|c Mwanza Nkusu, Selin Sayek.
|
| 264 |
|
1 |
|a Washington, D.C. :
|b International Monetary Fund,
|c 2004.
|
| 300 |
|
|
|a 1 online resource (34 pages)
|
| 490 |
1 |
|
|a IMF Working Papers
|
| 500 |
|
|
|a <strong>Off-Campus Access:</strong> No User ID or Password Required
|
| 500 |
|
|
|a <strong>On-Campus Access:</strong> No User ID or Password Required
|
| 506 |
|
|
|a Electronic access restricted to authorized BRAC University faculty, staff and students
|
| 520 |
3 |
|
|a With official development assistance (ODA) set to rise as countries strive to meet the Millennium Development Goals (MDGs), aid effectiveness remains an important area of development policy. An increasing number of studies support the notion that ODA can contribute to growth in a nonlinear relationship. In this paper, we investigate a new hypothesis regarding this relationship: that deeper financial markets in aid-recipient countries facilitate the management of aid flows, thereby enhancing aid effectiveness. An empirical analysis, using a panel data set, finds robust support for the hypothesis.
|
| 538 |
|
|
|a Mode of access: Internet
|
| 700 |
1 |
|
|a Sayek, Selin.
|
| 830 |
|
0 |
|a IMF Working Papers; Working Paper ;
|v No. 2004/238
|
| 856 |
4 |
0 |
|z Full text available on IMF
|u http://elibrary.imf.org/view/journals/001/2004/238/001.2004.issue-238-en.xml
|z IMF e-Library
|